| 000 | 00947nam a22002778a 4500 | ||
|---|---|---|---|
| 001 | 015895573 | ||
| 003 | OSt | ||
| 005 | 20141119142711.0 | ||
| 008 | 110915s2012 qa a frb 001 0 eng d | ||
| 020 | _a9789992179116 (pbk.) | ||
| 020 | _a9992179112 (pbk.) | ||
| 040 |
_aStDuBDS _beng _cStDuBDS _dEG-ScBUE |
||
| 082 | 0 | 0 |
_a305.488927 _222 _bARA |
| 245 | 0 | 0 |
_aArab women in Arab news : _bold stereotypes and new media / _cAmal Mohammed Al-Malki ... [et al.] |
| 260 |
_aDoha : _bBloomsbury Qatar Foundation : _c2012 _e([London] : _fClays Ltd.) |
||
| 300 |
_axxvi, 466 p. : _btables ; _c24 cm. |
||
| 500 | _aIndex : p. 455-466. | ||
| 500 | _aIncludes appendixes. | ||
| 504 | _aBibliography : 427-454. | ||
| 650 | 0 |
_aWomen, Arab _xSocial conditions _y21st century _936620 |
|
| 650 | 0 |
_aWomen, Arab _xPress coverage _936621 |
|
| 653 |
_bGGEN _cNovember2014 |
||
| 655 |
_vreading book _934232 |
||
| 700 | 1 |
_aAl-Malki, Amal Mohammed _936619 |
|
| 942 | _2ddc | ||
| 999 |
_c18652 _d18624 |
||